[Event "SRB-chT2 East"]
[Site "Serbia"]
[Date "2018.09.09"]
[Round "4.5"]
[White "Bakic, Dragan"]
[Black "Grkovic, Vladan"]
[Result "0-1"]
[WhiteElo "2163"]
[BlackElo "2236"]
[PlyCount "94"]
[EventDate "2018.09.07"]
[EventType "team-tourn"]
[EventRounds "11"]
[EventCountry "SRB"]
[SourceTitle "EXT 2021"]
[Source "ChessBase"]
[SourceDate "2020.10.23"]
[SourceVersion "1"]
[SourceVersionDate "2020.10.23"]
[SourceQuality "1"]
[WhiteTeam "Nis Nais"]
[BlackTeam "Nis Svitanja"]
[WhiteTeamCountry "SRB"]
[BlackTeamCountry "SRB"]

1. e4 e6 2. d4 d5 3. Nd2 dxe4 4. Nxe4 Nd7 5. Nf3 Ngf6 6. Bd3 Be7 7. 0-0 a6 8. a4 Nxe4 9. Bxe4 Nf6 10. Bd3 b6 11. c3 Bb7 12. Bf4 0-0 13. Qe2 c5 14. Rfd1 Bxf3 15. Qxf3 cxd4 16. Bc2 Qd5 17. Qe2 Qh5 18. Qxh5 Nxh5 19. Rxd4 Bc5 20. Re4 Nxf4 21. Rxf4 Rfd8 22. Rd1 Rxd1+ 23. Bxd1 Rd8 24. Be2 Rd2 25. Kf1 Rxb2 26. Bxa6 g6 27. h3 Kg7 28. g4 f5 29. Be2 e5 30. Rc4 Ra2 31. gxf5 gxf5 32. f3 Kg6 33. Rh4 Rc2 34. Rc4 Rc1+ 35. Kg2 Rg1+ 36. Kh2 Re1 37. Bd3 Ra1 38. h4 Kf6 39. h5 Kg5 40. h6 Ra2+ 41. Kh1 Rd2 42. Bf1 Be3 43. Bg2 Kxh6 44. Rc7 Kg6 45. Bf1 h5 46. Rc4 Kg5 47. Bg2 Bf4 0-1

[Event "SRB-chT2 East"]
[Site "Serbia"]
[Date "2018.09.08"]
[Round "3.5"]
[White "Grkovic, Vladan"]
[Black "Spasic, Petar"]
[Result "1/2-1/2"]
[WhiteElo "2236"]
[BlackElo "2083"]
[PlyCount "51"]
[EventDate "2018.09.07"]
[EventType "team-tourn"]
[EventRounds "11"]
[EventCountry "SRB"]
[SourceTitle "EXT 2021"]
[Source "ChessBase"]
[SourceDate "2020.10.23"]
[SourceVersion "1"]
[SourceVersionDate "2020.10.23"]
[SourceQuality "1"]
[WhiteTeam "Nis Svitanja"]
[BlackTeam "Surdulica Radnik"]
[WhiteTeamCountry "SRB"]
[BlackTeamCountry "SRB"]

1. d4 c5 2. d5 e6 3. c4 exd5 4. cxd5 d6 5. Nc3 g6 6. g3 Bg7 7. Bg2 Nf6 8. Nf3 0-0 9. 0-0 Re8 10. Nd2 a6 11. a4 Nbd7 12. h3 Rb8 13. Nc4 Ne5 14. Na3 b5 15. axb5 axb5 16. Naxb5 Qb6 17. Re1 Ba6 18. Rxa6 Qxa6 19. Nc7 Qa5 20. Nxe8 Nxe8 21. Qc2 Nc4 22. e4 Qa1 23. Qa4 Qxa4 24. Nxa4 Rb4 25. Bf1 Nxb2 26. Nxb2 1/2-1/2

[Event "SRB-chT 1st League"]
[Site "Kragujevac"]
[Date "2015.09.10"]
[Round "8.2"]
[White "Todorovic, Goran N"]
[Black "Grkovic, Vladan"]
[Result "1/2-1/2"]
[WhiteElo "2378"]
[BlackElo "2167"]
[PlyCount "55"]
[EventDate "2015.09.05"]
[EventType "team-tourn"]
[EventRounds "11"]
[EventCountry "SRB"]
[SourceTitle "EXT 2016"]
[Source "ChessBase"]
[SourceDate "2015.10.08"]
[SourceVersion "1"]
[SourceVersionDate "2015.10.08"]
[SourceQuality "1"]
[WhiteTeam "Smederevska Palanka"]
[BlackTeam "Nis Svitanja"]
[WhiteTeamCountry "SRB"]
[BlackTeamCountry "SRB"]

1. Nf3 Nf6 2. c4 c6 3. g3 d5 4. b3 Bf5 5. Bb2 e6 6. Bg2 h6 7. 0-0 Be7 8. d3 0-0 9. Nbd2 a5 10. a3 Na6 11. Qc2 Rc8 12. Rac1 Nd7 13. Qb1 Bf6 14. Bxf6 Qxf6 15. b4 axb4 16. axb4 e5 17. Qb2 Rfd8 18. b5 Nac5 19. Qb4 Bxd3 20. bxc6 bxc6 21. exd3 Nxd3 22. Qc3 Nxc1 23. Rxc1 Rb8 24. cxd5 cxd5 25. Bh3 e4 26. Bxd7 Qxc3 27. Rxc3 Rxd7 28. Nd4 1/2-1/2

[Event "SRB-chT 1st League"]
[Site "Kragujevac"]
[Date "2015.09.05"]
[Round "1.4"]
[White "Grkovic, Vladan"]
[Black "Vilimonovic, Bozidar"]
[Result "1/2-1/2"]
[WhiteElo "2167"]
[BlackElo "2202"]
[PlyCount "90"]
[EventDate "2015.09.05"]
[EventType "team-tourn"]
[EventRounds "11"]
[EventCountry "SRB"]
[SourceTitle "EXT 2016"]
[Source "ChessBase"]
[SourceDate "2015.10.08"]
[SourceVersion "1"]
[SourceVersionDate "2015.10.08"]
[SourceQuality "1"]
[WhiteTeam "Nis Svitanja"]
[BlackTeam "Ub"]
[WhiteTeamCountry "SRB"]
[BlackTeamCountry "SRB"]

1. d4 Nf6 2. Nf3 e6 3. Bg5 Be7 4. e3 b6 5. Bd3 Bb7 6. 0-0 Ne4 7. Bxe7 Qxe7 8. Nbd2 f5 9. c4 0-0 10. Qc2 Nxd2 11. Nxd2 d6 12. b4 Nd7 13. a4 Qg5 14. d5 e5 15. f4 exf4 16. exf4 Qf6 17. Nb3 Rae8 18. Rae1 g6 19. a5 c6 20. dxc6 Bxc6 21. Qd2 Ba4 22. Bc2 bxa5 23. Rxe8 Rxe8 24. Nxa5 Bxc2 25. Qxc2 Qd4+ 26. Qf2 Re3 27. Nc6 Qc3 28. Nxa7 Nf6 29. Nb5 Qd3 30. Qa2 Re2 31. Qa8+ Re8 32. Qf3 Qxc4 33. Qc3 Qxb5 34. Qxf6 Qxb4 35. h3 Re1 36. Qd8+ Kg7 37. Qc7+ Kh6 38. Rxe1 Qxe1+ 39. Kh2 Qd2 40. Qc4 d5 41. Qc7 Qe3 42. Qd6 d4 43. Qf8+ Kh5 44. g4+ fxg4 45. Qc5+ Kh6 1/2-1/2

[Event "SRB-chT2 East"]
[Site "Leskovac"]
[Date "2014.09.25"]
[Round "1.1"]
[White "Grkovic, Vladan"]
[Black "Dragojevic, Dragan"]
[Result "1/2-1/2"]
[WhiteElo "2197"]
[BlackElo "1966"]
[PlyCount "66"]
[EventDate "2014.09.25"]
[EventType "team-swiss"]
[EventRounds "6"]
[EventCountry "SRB"]
[SourceTitle "EXT 2015"]
[Source "ChessBase"]
[SourceDate "2014.11.20"]
[SourceVersion "1"]
[SourceVersionDate "2014.11.20"]
[SourceQuality "1"]

1. d4 d5 2. c4 e5 3. e3 exd4 4. exd4 Nf6 5. Nf3 Bb4+ 6. Nc3 Ne4 7. Qb3 Qe7 8. Be3 dxc4 9. Bxc4 0-0 10. 0-0 Nxc3 11. bxc3 Bd6 12. Rfe1 Qd7 13. Rad1 Qf5 14. Bg5 Nc6 15. Bd3 Qg4 16. Re4 Qd7 17. c4 h6 18. Bc1 b6 19. d5 Na5 20. Qc3 Qa4 21. Bc2 Qb4 22. Qxb4 Bxb4 23. Nd4 Bd7 24. Nb5 c6 25. dxc6 Bxc6 26. Rg4 Kh8 27. Bb2 f6 28. h4 Rad8 29. Rgd4 Rxd4 30. Nxd4 Bd7 31. Nb3 Ba4 32. Rd4 Bc5 33. Rg4 Bd7 1/2-1/2

[Event "SRB-chT2 South"]
[Site "Nis"]
[Date "2013.10.17"]
[Round "1.3"]
[White "Grkovic, Vladan"]
[Black "Milutinovic, Zoran"]
[Result "1/2-1/2"]
[WhiteElo "2205"]
[BlackElo "2110"]
[PlyCount "39"]
[EventDate "2013.10.17"]
[EventType "team-swiss"]
[EventRounds "8"]
[EventCountry "SRB"]
[SourceTitle "EXT 2014"]
[Source "ChessBase"]
[SourceDate "2013.11.20"]
[SourceVersion "1"]
[SourceVersionDate "2013.11.20"]
[SourceQuality "1"]

1. d4 c6 2. Nf3 d5 3. Bf4 Bf5 4. c4 e6 5. Nc3 Bd6 6. Bxd6 Qxd6 7. Qb3 Qc7 8. e3 Nf6 9. Be2 0-0 10. 0-0 Nbd7 11. Rfc1 Qb6 12. Qa3 a5 13. Nh4 Bg6 14. Nxg6 hxg6 15. c5 Qb4 16. Qb3 e5 17. Qd1 exd4 18. exd4 a4 19. a3 Qa5 20. Bd3 1/2-1/2

[Event "SRB-chT3 Liga West CS"]
[Site "Serbia"]
[Date "2011.10.02"]
[Round "4"]
[White "Grkovic, Vladan"]
[Black "Djokic, Slavoljub"]
[Result "1/2-1/2"]
[WhiteElo "2190"]
[BlackElo "2168"]
[PlyCount "23"]
[EventDate "2011.09.11"]
[EventType "team-tourn"]
[EventRounds "11"]
[EventCountry "SRB"]
[SourceTitle "EXT 2015"]
[Source "ChessBase"]
[SourceDate "2014.11.20"]
[SourceVersion "1"]
[SourceVersionDate "2014.11.20"]
[SourceQuality "1"]

1. d4 c5 2. d5 Nf6 3. c4 b5 4. cxb5 a6 5. b6 Qxb6 6. Nc3 g6 7. e4 d6 8. Bc4 Bg7 9. Nge2 0-0 10. Qd3 Nbd7 11. f4 Qc7 12. 0-0 1/2-1/2

[Event "SRB-chT3 West"]
[Site "Serbia"]
[Date "2010.10.10"]
[Round "5"]
[White "Grkovic, Vladan"]
[Black "Aleksic, Milan"]
[Result "1/2-1/2"]
[WhiteElo "2174"]
[BlackElo "2262"]
[PlyCount "76"]
[EventDate "2010.09.12"]
[EventType "team"]
[EventRounds "11"]
[EventCountry "SRB"]
[SourceTitle "EXT 2012"]
[Source "ChessBase"]
[SourceDate "2011.11.24"]
[SourceVersion "1"]
[SourceVersionDate "2011.11.24"]
[SourceQuality "1"]

1. d4 Nf6 2. c4 g6 3. Nc3 Bg7 4. e4 d6 5. g3 0-0 6. Bg2 Nc6 7. Nge2 a6 8. 0-0 Rb8 9. h3 Bd7 10. Be3 b5 11. cxb5 axb5 12. Qd2 b4 13. Nd1 d5 14. exd5 Na5 15. Rc1 Bb5 16. Qxb4 Bxe2 17. Qxa5 Bxf1 18. Kxf1 Ra8 19. Qxc7 Rxa2 20. Qxd8 Rxd8 21. Rc7 Kf8 22. Ke2 Ne8 23. Rc5 Nd6 24. Kd3 Rb8 25. Bd2 Ra1 26. Bf3 f5 27. Bc3 Ne4 28. Rc7 Nd6 29. Ne3 Ra4 30. Bd1 Ra2 31. Nc4 Nxc4 32. Rxc4 Raxb2 33. Bxb2 Rxb2 34. Bc2 Ra2 35. Bb3 Ra8 36. d6 exd6 37. Rc7 Rb8 38. Be6 Re8 1/2-1/2

[Event "SRB-chT3 South"]
[Site "Serbia"]
[Date "2007.??.??"]
[Round "3"]
[White "Grkovic, Vladan"]
[Black "Markovic, Marko"]
[Result "0-1"]
[WhiteElo "2191"]
[BlackElo "2241"]
[PlyCount "70"]
[EventDate "2007.09.02"]
[EventType "team"]
[EventRounds "11"]
[EventCountry "SRB"]
[SourceTitle "EXT 2012"]
[Source "ChessBase"]
[SourceDate "2011.11.24"]
[SourceVersion "1"]
[SourceVersionDate "2011.11.24"]
[SourceQuality "1"]
[WhiteTeam "Kondiva Zbevc"]
[BlackTeam "Vlasotince"]
[WhiteTeamCountry "SRB"]
[BlackTeamCountry "SRB"]

1. d4 d6 2. e4 Nf6 3. Nc3 e5 4. dxe5 dxe5 5. Qxd8+ Kxd8 6. Bg5 Be6 7. 0-0-0+ Nbd7 8. f4 exf4 9. Nge2 Bd6 10. Bxf4 Bxf4+ 11. Nxf4 c6 12. h3 Ke7 13. Be2 Ne5 14. Rhe1 Rhd8 15. Bf1 Rxd1+ 16. Rxd1 Rd8 17. Rxd8 Kxd8 18. a3 Ke7 19. b3 Kd6 20. Kd2 g5 21. Nd3 Nxd3 22. Kxd3 Ke5 23. Ke3 Nh5 24. Ne2 c5 25. Nc1 Nf4 26. Nd3+ Nxd3 27. Bxd3 h5 28. Be2 h4 29. b4 b6 30. c3 cxb4 31. cxb4 Bc8 32. Bh5 Be6 33. Be2 Bd7 34. Bc4 Be8 35. b5 Bd7 0-1

[Event "SRB-chT3 South"]
[Site "Serbia"]
[Date "2006.10.15"]
[Round "6.1"]
[White "Grkovic, Vladan"]
[Black "Ilic, Dragan B"]
[Result "1-0"]
[WhiteElo "2170"]
[BlackElo "2285"]
[PlyCount "38"]
[EventDate "2006.09.10"]
[EventType "team"]
[EventRounds "11"]
[EventCountry "SRB"]
[SourceTitle "EXT 2012"]
[Source "ChessBase"]
[SourceDate "2011.11.24"]
[SourceVersion "1"]
[SourceVersionDate "2011.11.24"]
[SourceQuality "1"]

1. d4 Nf6 2. Nf3 e6 3. c4 Bb4+ 4. Nbd2 b6 5. a3 Bxd2+ 6. Nxd2 Bb7 7. Qc2 0-0 8. b3 c5 9. dxc5 bxc5 10. Bb2 d6 11. e3 e5 12. Be2 Bxg2 13. Rg1 Bc6 14. Qf5 Kh8 15. 0-0-0 Qe7 16. f3 Nbd7 17. Bd3 Rg8 18. Rg3 Rae8 19. Rdg1 Nf8 1-0

[Event "SRB-chT 1st League"]
[Site "Vrnjacka Banja"]
[Date "2006.09.09"]
[Round "1.6"]
[White "Mickovic, Slavisa"]
[Black "Grkovic, Vladan"]
[Result "1/2-1/2"]
[WhiteElo "2065"]
[BlackElo "2170"]
[PlyCount "94"]
[EventDate "2006.09.09"]
[EventType "team"]
[EventRounds "11"]
[EventCountry "SRB"]
[SourceTitle "EXT 2012"]
[Source "ChessBase"]
[SourceDate "2011.11.24"]
[SourceVersion "1"]
[SourceVersionDate "2011.11.24"]
[SourceQuality "1"]
[WhiteTeam "Pozarevac"]
[BlackTeam "Nis"]
[WhiteTeamCountry "SRB"]
[BlackTeamCountry "SRB"]

1. d4 c5 2. dxc5 Qa5+ 3. Nd2 Nf6 4. Ngf3 Qxc5 5. c4 b6 6. a3 Bb7 7. b4 Qc7 8. Bb2 d6 9. e3 Nbd7 10. Be2 e6 11. 0-0 Be7 12. Rc1 Rc8 13. Nd4 0-0 14. N2f3 Rfd8 15. h3 Qb8 16. Qb3 h6 17. Rfd1 a6 18. Nh2 Qa8 19. Bf3 Ne4 20. Nf1 Ne5 21. Bxe4 Bxe4 22. f3 Bb7 23. e4 Bg5 24. Rc2 Rc7 25. Bc1 Bf6 26. Be3 Rdc8 27. Rdc1 Nd7 28. Nd2 Qb8 29. Ne2 Re8 30. Qd3 Be7 31. Bf4 Ne5 32. Qd4 Rc6 33. Qe3 Qc8 34. Qb3 Bg5 35. Bxg5 hxg5 36. Qe3 Qd8 37. Nd4 Rc8 38. N2b3 Qe7 39. c5 bxc5 40. bxc5 dxc5 41. Nxc5 Red8 42. Nxb7 Qxb7 43. Rxc8 Rxc8 44. Rxc8+ Qxc8 45. Qxg5 Qc5 46. Qd8+ Kh7 47. Qh4+ Kg8 1/2-1/2

[Event "Belgrade Jezero op 10th"]
[Site "Belgrade"]
[Date "2004.08.20"]
[Round "4"]
[White "Grkovic, Vladan"]
[Black "Popovic, Aleksandra"]
[Result "1/2-1/2"]
[WhiteElo "2146"]
[BlackElo "2045"]
[PlyCount "103"]
[EventDate "2004.08.17"]
[EventType "swiss"]
[EventRounds "9"]
[EventCountry "YUG"]
[SourceTitle "EXT 2005"]
[Source "ChessBase"]
[SourceDate "2004.11.15"]
[SourceVersion "1"]
[SourceVersionDate "2004.11.15"]
[SourceQuality "1"]

1. d4 Nf6 2. c4 g6 3. Nc3 Bg7 4. e4 0-0 5. e5 Ne8 6. f4 c5 7. dxc5 Nc6 8. Nf3 d6 9. Be2 Bg4 10. cxd6 exd6 11. Nd5 dxe5 12. 0-0 e4 13. Ng5 Bxe2 14. Qxe2 Nd6 15. Be3 h6 16. Nh3 Nf5 17. Rad1 Re8 18. Kh1 Rc8 19. b3 Qa5 20. Qf2 b5 21. g4 Nxe3 22. Qxe3 bxc4 23. bxc4 Qxa2 24. f5 Ne5 25. fxg6 fxg6 26. g5 h5 27. Nf6+ Bxf6 28. gxf6 Rc7 29. Qxe4 Qxc4 30. Qxc4+ Rxc4 31. Ng5 Rf8 32. Rde1 Nf7 33. Nxf7 Rxf7 34. Re8+ Kh7 35. Re7 Rxe7 36. fxe7 Re4 37. e8Q Rxe8 38. Rf7+ Kh6 39. Rxa7 Re2 40. Ra4 Kg5 41. Kg1 Kf5 42. Rb4 Re4 43. Rb5+ Kf4 44. Kf2 Rc4 45. Rb2 Kg4 46. Kg2 h4 47. h3+ Kf5 48. Rb5+ Kf4 49. Rb2 Rd4 50. Rf2+ Ke3 51. Rf6 Rd2+ 52. Kg1 1/2-1/2

[Event "EU-chT U18"]
[Site "Obrenovac"]
[Date "2004.07.13"]
[Round "4.1"]
[White "Grkovic, Vladan"]
[Black "Laznicka, Viktor"]
[Result "1/2-1/2"]
[WhiteElo "2146"]
[BlackElo "2434"]
[PlyCount "103"]
[EventDate "2004.07.10"]
[EventType "team-tourn"]
[EventRounds "7"]
[EventCountry "YUG"]
[SourceTitle "CBM 101 Extra"]
[Source "ChessBase"]
[SourceDate "2004.09.01"]
[SourceVersion "2"]
[SourceVersionDate "2004.09.01"]
[SourceQuality "1"]
[WhiteTeam "Yugoslavia"]
[BlackTeam "Czech Republic"]
[WhiteTeamCountry "YUG"]
[BlackTeamCountry "CZE"]

1. d4 Nf6 2. Nf3 e6 3. g3 b5 4. Bg2 Bb7 5. 0-0 c5 6. a4 b4 7. c4 cxd4 8. Nxd4 Bxg2 9. Kxg2 Bc5 10. Nb3 Be7 11. Bf4 0-0 12. N1d2 Nc6 13. Rc1 Rc8 14. Nf3 d5 15. c5 Ne4 16. Nfd4 Qd7 17. f3 Nxd4 18. Qxd4 Qxa4 19. fxe4 Qxb3 20. Bd6 Bxd6 21. cxd6 Rc4 22. Rxc4 Qxc4 23. Qxc4 dxc4 24. Rc1 Rc8 25. d7 Rd8 26. Rxc4 Kf8 27. Rxb4 Rxd7 28. Kf3 Ke7 29. Kf4 Rc7 30. h4 Kf6 31. Rb5 Rc2 32. Ke3 Rc7 33. Kf4 h6 34. Ra5 Rb7 35. b4 Ke7 36. g4 Kf6 37. e3 g5+ 38. hxg5+ hxg5+ 39. Rxg5 Rxb4 40. Ra5 Rb7 41. Ra6 Rc7 42. Ra5 Re7 43. Ra6 Kg6 44. Rc6 Re8 45. Ra6 Re7 46. Rc6 Re8 47. Ra6 Ra8 48. Kg3 Kg5 49. Ra5+ Kf6 50. Ra6 Ke5 51. Kf3 Kf6 52. Kf4 1/2-1/2

[Event "EU-chT U18"]
[Site "Obrenovac"]
[Date "2004.07.10"]
[Round "1.1"]
[White "Grkovic, Vladan"]
[Black "Borisek, Jure"]
[Result "1/2-1/2"]
[WhiteElo "2146"]
[BlackElo "2465"]
[PlyCount "103"]
[EventDate "2004.07.10"]
[EventType "team-tourn"]
[EventRounds "7"]
[EventCountry "YUG"]
[SourceTitle "CBM 101 Extra"]
[Source "ChessBase"]
[SourceDate "2004.09.01"]
[SourceVersion "2"]
[SourceVersionDate "2004.09.01"]
[SourceQuality "1"]
[WhiteTeam "Yugoslavia"]
[BlackTeam "Slovenia"]
[WhiteTeamCountry "YUG"]
[BlackTeamCountry "SLO"]

1. d4 Nf6 2. c4 g6 3. Nc3 d5 4. Nf3 Bg7 5. Bg5 Ne4 6. cxd5 Nxg5 7. Nxg5 e6 8. Qd2 exd5 9. Qe3+ Kf8 10. Qf4 Bf6 11. h4 h6 12. Nxd5 Bxg5 13. Qe5 Rh7 14. hxg5 Nc6 15. Qe4 Bf5 16. Qf3 Nxd4 17. Qa3+ Kg7 18. Ne3 Qxg5 19. Qc3 Qf6 20. 0-0-0 Ne6 21. Qxf6+ Kxf6 22. f3 Nf8 23. Nxf5 gxf5 24. e3 Re8 25. Bd3 Rxe3 26. Rh5 Rg7 27. Rxf5+ Ke7 28. g4 Rg5 29. Rxg5 hxg5 30. Be4 Re2 31. Bxb7 Ne6 32. Rd2 Rxd2 33. Kxd2 Kd6 34. Ke3 Ke5 35. Be4 Nc5 36. Bc2 f6 37. Bd1 Nd7 38. b4 Nb6 39. Bb3 Nc8 40. Bc2 Nd6 41. Be4 Nb5 42. Kd3 Kf4 43. a4 Nd6 44. Bd5 f5 45. gxf5 Nxf5 46. Bb7 Nh4 47. Ke2 Ng6 48. Ba8 Ne5 49. Bb7 Nc4 50. Bc6 Ne3 51. Kd3 Nf5 52. Ba8 1/2-1/2

[Event "Nis op"]
[Site "Nis"]
[Date "2004.07.03"]
[Round "7"]
[White "Grkovic, Vladan"]
[Black "Livaja, Mario"]
[Result "1-0"]
[WhiteElo "2146"]
[BlackElo "2120"]
[PlyCount "61"]
[EventDate "2004.05.28"]
[EventType "swiss"]
[EventRounds "9"]
[EventCountry "YUG"]
[SourceTitle "EXT 2005"]
[Source "ChessBase"]
[SourceDate "2004.11.15"]
[SourceVersion "1"]
[SourceVersionDate "2004.11.15"]
[SourceQuality "1"]

1. d4 Nf6 2. c4 c5 3. d5 b5 4. cxb5 a6 5. b6 g6 6. Nc3 d6 7. e4 Bg7 8. a4 Qxb6 9. a5 Qb7 10. Bc4 0-0 11. Nge2 Nbd7 12. f4 Ne8 13. Qd3 Nc7 14. 0-0 Nf6 15. h3 Bd7 16. Bd2 Bb5 17. b3 Rad8 18. Ng3 e6 19. dxe6 fxe6 20. f5 d5 21. exd5 exd5 22. Bxb5 axb5 23. fxg6 c4 24. gxh7+ Nxh7 25. Qg6 Qa6 26. Qg4 b4 27. Nh5 Ne6 28. Bh6 Rd7 29. Bxg7 Rxg7 30. Nxg7 Nxg7 31. Nxd5 1-0

[Event "SCG-ch U18"]
[Site "Niska Banja"]
[Date "2004.??.??"]
[Round "3"]
[White "Grkovic, Vladan"]
[Black "Pavlik, Goran"]
[Result "1-0"]
[WhiteElo "2146"]
[BlackElo "2138"]
[PlyCount "59"]
[EventDate "2004.04.??"]
[EventType "swiss"]
[EventRounds "9"]
[EventCountry "YUG"]
[SourceTitle "CBM 099 Extra"]
[Source "ChessBase"]
[SourceDate "2004.05.04"]
[SourceVersion "1"]
[SourceVersionDate "2004.05.04"]
[SourceQuality "1"]

1. d4 d5 2. Nf3 Nf6 3. c4 e6 4. Nc3 Be7 5. Bg5 0-0 6. Qc2 h6 7. Bxf6 Bxf6 8. cxd5 exd5 9. e3 b6 10. Be2 Be6 11. 0-0 g6 12. Rad1 Bg7 13. Ne5 Bf5 14. Bd3 Bxd3 15. Nxd3 c6 16. b4 Qd6 17. Qb3 Rd8 18. a4 a6 19. Rc1 Nd7 20. b5 axb5 21. axb5 c5 22. Nxd5 cxd4 23. e4 Rdc8 24. Rc6 Rxc6 25. bxc6 Nf6 26. Nxf6+ Bxf6 27. Qxb6 Ra3 28. e5 Bd8 29. exd6 Bxb6 30. c7 1-0

[Event "SCG-ch U18"]
[Site "Niska Banja"]
[Date "2004.??.??"]
[Round "?"]
[White "Ravic, Nenad"]
[Black "Grkovic, Vladan"]
[Result "0-1"]
[WhiteElo "2040"]
[BlackElo "2146"]
[PlyCount "76"]
[EventDate "2004.04.??"]
[EventType "swiss"]
[EventRounds "9"]
[EventCountry "YUG"]
[SourceTitle "CBM 099 Extra"]
[Source "ChessBase"]
[SourceDate "2004.05.04"]
[SourceVersion "1"]
[SourceVersionDate "2004.05.04"]
[SourceQuality "1"]

1. e4 e6 2. d4 d5 3. Nc3 Bb4 4. e5 c5 5. a3 Bxc3+ 6. bxc3 Ne7 7. Qg4 Qc7 8. Qxg7 Rg8 9. Qxh7 cxd4 10. Ne2 Nbc6 11. f4 Bd7 12. Qd3 dxc3 13. Qxc3 Nf5 14. Rb1 Rc8 15. Bd2 a6 16. Rg1 Qd8 17. Qh3 b5 18. g4 Nfd4 19. Nxd4 Nxd4 20. Bd3 Qb6 21. Rg3 a5 22. Qh7 Rf8 23. f5 Qc5 24. Bxa5 Nxc2+ 25. Kd1 Qd4 26. Bd2 Nxa3 27. fxe6 Bxe6 28. Rb4 Nc4 29. Bxc4 dxc4 30. Qg7 Rd8 31. Qg5 Rh8 32. h3 Qf2 33. Qe3 Rxd2+ 34. Qxd2 Qxg3 35. Rxb5 Qf3+ 36. Kc1 Qa8 37. Qd6 Qa1+ 38. Kc2 Qa4+ 0-1